| 000 | 00755nam a2200217Ii 4500 | ||
|---|---|---|---|
| 003 | JO-AjNU | ||
| 008 | 230605s9999||||xx |||||||||||||| ||und|| | ||
| 017 | _a1999/6/1017 | ||
| 040 |
_aJO-AjNU _bara _erda _cJO-AjNU |
||
| 041 | _aara | ||
| 050 | 1 | 4 | _aJC325.A5212.2010 |
| 100 | 3 |
_aتاليف أندرسون ، جيمس ؛ ترجمة الكبيسي، عامر ،ترجمة , _eauthor _948466 |
|
| 245 | 0 | 0 | _aصنع السياسات العامة |
| 250 | _aط4 | ||
| 264 | 3 | 1 | _aعمان : دار المسيرة للنشر ،2010 |
| 300 | _a240ص | ||
| 336 |
_atext _btxt _2rdacontent |
||
| 337 |
_aunmediated _bn _2rdamedia |
||
| 338 |
_avolume _bnc _2rdacarrier |
||
| 650 | 4 |
_aالعلوم الاجتماعية -- السياسات العامة _948467 |
|
| 999 |
_aA21227 _c24795 _d24795 |
||